Z dr Janem Chłostą, dyr

Titel: Z dr Janem Chłostą, dyr : Oddziału Wojewódzkiego "Civitas Christiana" rozmawia Bożena Wasilewska
Verfasser:
In: Bibliotekarz Olsztyński, Heft 3/4 (1996), Seite 64-70
alle Artikel anzeigen
Veröffentlicht: 1996 [1997]
Format: Aufsatz
Sprache: Polnisch
Kein Bild verfügbar
X
alg: 39349784
001A    $01999:12-11-16 
001B    $01999:22-05-21 $t21:58:39.000 
001D    $01999:12-11-16 
001U    $0utf8 
001X    $00 
002@    $0Aox 
003@    $0393497844 
007A    $0393497844 $aHEB 
007T    $0Herdt05873 
010@    $apol 
011@    $a1996 $n1996 [1997] 
021A    $aZ dr Janem Chłostą, dyr $dOddziału Wojewódzkiego "Civitas Christiana" rozmawia Bożena Wasilewska 
027A    $aMit Dr. Jan Chłosta, Direktor der Wojewodschaftsabteilung von "Civitas Christiana" spricht Bożena Wasilewska 
028A    $#Chłosta, Jan Ginter $71048666735 $8Chłosta, Jan$Z1938- [Tp1] $9337955166 
031A    $e3/4 $h64-70 $j1996 
037A    $aEnthält: Publikacje Jana Chłosty (70) 
039B    $aIn $8--Abvc--. Bibliotekarz Olsztyński. - Olsztyn : Woj. Bibl. Publ., 1983-1998. - ISSN 1426-4218 $x199600000000003936 $9287103307 
045F    $a929.094382 $eDDC23BSB 
045F/01 $a929 
045F/03 $g4382 
045F/03 $g43832 
046C    $aMit Dr. Jan Chłosta, Direktor der Wojewodschaftsabteilung von "Civitas Christiana" spricht Bożena Wasilewska $bÜbers. des Hauptsacht. 

lok: 39349784 78

exp: 39349784 78 1 #EPN
201B/01 $018-11-16 $t09:00:57.000 
201U/01 $0utf8 
203@/01 $0789608286 
208@/01 $a12-11-16 $be 
209A/01 $a/ $f000 $x00 
220C/01 $aTitelaufnehmer: uz 
244Z/01 $2Trx $#Prusy Wschodnie i Zachodnie $8--Trx--Ost- und Westpreußen $x01 $939113373X 
244Z/01 $2Trx $8--Trx--Chłosta, Jan Ginter$Z1938- $x02 $9391106120 
244Z/01 $2Trx $#ajakirjanikud $#žurnalistai $#journalists $#újságírók $#dziennikarze $#novinári $#novináři $8--Trx--Journalisten $x03 $9391372262 
244Z/01 $2Trx $8--Trx--Zeitschriftenaufsatz $x04 $9391384341 
245Z/01 $a12.03 $x01 
247C/01 $82080>Marburg/Lahn, Herder-Institut, Forschungsbibliothek, Bibliographieportal $9336309341
LEADER 00000caa a22000002c 4500
001 393497844
003 DE-603
005 20210522215839.0
007 tu
008 161112s1996 xx |||| | u00||u|pol c
035 |a (DE-599)HEB393497844 
040 |a DE-603  |b ger  |c DE-603  |d DE-603 
041 |a pol 
082 0 4 |8 1\u  |a 929.094382  |q DE-101  |2 23/BSB 
085 |8 1\u  |b 929 
085 |8 1\u  |z 2  |s 4382 
085 |8 1\u  |z 2  |s 43832 
100 1 |a Chłosta, Jan  |d 1938-  |0 (DE-603)337955166  |0 (DE-588)1048666735  |2 gnd 
245 0 0 |a Z dr Janem Chłostą, dyr  |b Oddziału Wojewódzkiego "Civitas Christiana" rozmawia Bożena Wasilewska 
246 1 |i Übers. des Hauptsacht.  |a Mit Dr. Jan Chłosta, Direktor der Wojewodschaftsabteilung von "Civitas Christiana" spricht Bożena Wasilewska 
246 1 3 |a Mit Dr. Jan Chłosta, Direktor der Wojewodschaftsabteilung von "Civitas Christiana" spricht Bożena Wasilewska 
264 0 |c 1996 [1997] 
500 |a Enthält: Publikacje Jana Chłosty (70) 
773 0 8 |i In  |t Bibliotekarz Olsztyński  |d Olsztyn : Woj. Bibl. Publ., 1983-1998  |x 1426-4218  |g Heft 3/4 (1996), Seite 64-70  |w (DE-603)287103307  |w (DE-600)2645626-6 
924 0 |9 2080  |a (DE-603)789608286  |b DE-2080  |c HES  |d d  |g /